Fortnite Icon Skins - Statistics

General Stats
  • This quiz has been taken 85 times
    57 since last reset
  • The average score is 30 of 89
Answer Stats
Hint Answer % Correct
Chapter 3 Season 1 Bruno Mars
91%
Season 7 Marshmello
80%
Chapter 2 Season 1 Ninja
80%
Chapter 2 Season 2 Travis Scott
77%
Season REMIX Snoop Dogg
68%
Chapter 2 Season 4 Lachlan
66%
Chapter 2 Season 3 Loserfruit
66%
Season REMIX Ice Spice
59%
Season REMIX Rap Princess Ice Spice
59%
Chapter 2 Season 5 Lazarbeam
57%
Chapter 5 Season 4 Bichota Season Karol G
55%
Chapter 2 Season 7 Lebron James
55%
Chapter 5 Season 3 Nick Eh 30
55%
Chapter 6 Season 1 Platinum Karol G
55%
Chapter 5 Season 1 The Weeknd
55%
Chapter 3 Season 4 FFC Neymar Jr.
52%
Season REMIX Juice WRLD
52%
Chapter 2 Season 6 Neymar Jr.
52%
Chapter 3 Season 4 SypherPK
52%
Chapter 2 Season 7 Bugha
50%
Season OG Slim Shady
50%
Chapter 2 Season 7 Toon Squad Lebron
45%
Chapter 3 Season 2 Chica
43%
Chapter 3 Season 4 FFC TheGrefG
43%
Chapter 6 Season 1 Platinum The Weeknd
43%
Chapter 5 Season 3 Rosy Rift Goddess Ariana
43%
Chapter 2 Season 5 TheGrefG
43%
Chapter 2 Season 2 Astro Jack
41%
Chapter 6 Season 1 Lionel Messi
41%
Chapter 3 Season 1 Marsha
41%
Chapter 5 Season 2 Red Roots Billie
41%
Season REMIX Slayer Juice WRLD
41%
Chapter 6 Season 1 Streetwear Spark Messi
41%
Chapter 5 Season 2 Green Roots Billie
39%
Chapter 4 Season 1 MrBeast
36%
Season OG Rap Boy
36%
Chapter 2 Season 7 Ariana Grande
34%
Season X Major Lazer
34%
Chapter 5 Season 4 Shaq
34%
Chapter 2 Season 8 Spacefarer Ariana Grande
34%
Chapter 5 Season 4 Super Shaq
34%
Chapter 4 Season 1 Giannis Antetokounmpo
32%
Chapter 4 Season 1 Hoplite Giannis
32%
Chapter 4 Season 4 Khaby Lame
32%
Chapter 3 Season 3 Patrick Mahomes
32%
Chapter 3 Season 4 FFC Lebron James
30%
Chapter 2 Season 7 Harry Kane
30%
Chapter 6 Season 1 Hatsune Miku
30%
Chapter 5 Season 3 Puppet Master James
30%
Chapter 3 Season 2 Ali-A
27%
Chapter 3 Season 1 Anderson .Paak
27%
Chapter 3 Season 4 FFC Chloe Kim
27%
Chapter 3 Season 2 Chloe Kim
25%
Chapter 2 Season 7 J Balvin
25%
Season OG Launch Day Lewis Hamilton
25%
Season OG Lewis Hamilton
25%
Chapter 2 Season 7 Marco Reus
25%
Chapter 5 Season 1 Chromatica Armor Gaga
23%
Chapter 5 Season 1 Enigmatic Gaga
23%
Chapter 6 Season 1 Platinum Billie Eilish
23%
Chapter 6 Season 1 Platinum Gaga
23%
Chapter 6 Season 1 Santa Suit Mariah
23%
Chapter 4 Season 1 The Kid Laroi
23%
Chapter 4 Season 1 Flakes Power
20%
Chapter 5 Season 3 Puppet Master Kirk
20%
Chapter 5 Season 3 Puppet Master Lars
20%
Chapter 5 Season 4 Rubius
20%
Chapter 5 Season 3 James Hetfield
18%
Season OG Marshall Never More
18%
Chapter 5 Season 3 Puppet Master Robert
18%
Chapter 3 Season 1 Marshinobi
16%
Chapter 4 Season 1 MrBeast6000
16%
Chapter 3 Season 1 Dark Priestess Naomi
14%
Chapter 5 Season 3 Kirk Hammett
14%
Chapter 5 Season 3 Lars Ulrich
14%
Chapter 6 Season 1 Mariah Carey
14%
Chapter 3 Season 1 Naomi Osaka
14%
Chapter 5 Season 3 Robert Trujillo
14%
Chapter 6 Season 1 Santa Dogg
14%
Chapter 5 Season 1 The Weeknd Combat
14%
Season REMIX LBC '93 Dogg
11%
Chapter 6 Season 1 Neko Hatsune Miku
11%
Season REMIX Rap Boy Reloaded
11%
Chapter 5 Season 2 Inferno Skeleton Balvin
9%
Chapter 5 Season 4 Carolina
7%
Chapter 5 Season 4 Ravemello
7%
Chapter 4 Season 1 The Rogue Laroi
7%
Chapter 4 Season 4 J Balvin Redux
5%
Chapter 3 Season 3 Mahomes Saucy Style
5%
No matching quizzes found
Score Distribution
Percent of People with Each Score
Percentile by Number Answered
Your Score History
You have not taken this quiz since the last reset